000 00424nam a2200181Ia 4500
001 15593
005 20260306170207.0
008 260306t2014||||xx |||||||||||||| ||und||
041 _aESP
082 _a551
_bC28
100 _aCarenas Fernández, María Beatriz
_eAUT
245 0 _aGeología
260 _c2014
300 _axvi, 487 páginas :
_c27 cm.
650 _aGEN
654 _aCIC
942 _cLIB
_dJUS
_fJUS
_2ddc
_n
999 _c15593
_d15593